| 000 | 00385nam a22001337a 4500 | ||
|---|---|---|---|
| 008 | 230620b xxu||||| |||| 00| 0 eng d | ||
| 020 | _a9291420484 | ||
| 082 |
_a323.34 _bIPU |
||
| 110 |
_bIPU _cGeneva _d1998 |
||
| 245 |
_aPositions Regarding Human Rights issues _btaken by the Inter-parliamentary Union in recent years |
||
| 260 |
_aGeneva _bIPU _c1998 |
||
| 300 | _a68p | ||
| 942 |
_2ddc _cBK |
||
| 999 |
_c1752 _d1752 |
||